Facultad de Derecho – Universidad Nacional de Mar del Plata

Constitución de la Nación Argentina (Record no. 5086)

MARC details
000 -CABECERA
campo de control de longitud fija 00337nam a22001217a 4500
080 ## - NUMERO DE CLASIFICACION DECIMAL UNIVERSAL (CDU)
Número de la Clasificación Decimal Universal 342.4C 627
245 ## - MENCION DE TITULO
Título propiamente dicho Constitución de la Nación Argentina
260 ## - PUBLICACION, DISTRIBUCION, ETC. (PIE DE IMPRENTA)
Lugar de publicación, distribución, etc. Buenos Aires:
Nombre del editor, distribuidor, etc. La Ley
490 ## - MENCION DE SERIE
Mención de serie Suplementos La ley
650 ## - ASIENTO SECUNDARIO DE MATERIA - TERMINO TEMATICO
Subdivisión general constitucion
-- historia consitucional
-- tratados internacionales
942 ## - ELEMENTOS AGREGADOS (KOHA)
Clasificación normalizada de Koha para alfabetizar _
945 ## - INFORMACION DE PROCESAMIENTO LOCAL
Responsable de carga/modificación Celeste Delía
AAAA-MM-DD - Fecha de ingreso/modificación 2019-09-30
Holdings
Retirado Perdido Fuente de clasificación Dañado No se presta Ubicación permanente Locación actual Estante o sala Fecha de adquisición Total préstamos Inventario Ultima fecha vista Fecha del precio Tipo de item de Koha
          Bib. Derecho Bib. Derecho Sector Prestamo 30/09/2019   202154 08/10/2019 30/09/2019 LIBRO

XHTML | CSS | ©Biblioteca Central - Dto. Tecnología de la Información - [ Con tecnología Koha ]